书目信息 |
| 题名: |
进境林木种苗检疫图鉴
|
|
| 作者: | 陈升毅 主编 | |
| 分册: | ||
| 出版信息: | 北京 中国农业出版社 2013.12 |
|
| 页数: | 311页 | |
| 开本: | 29cm | |
| 丛书名: | ||
| 单 册: | ||
| 中图分类: | S412-64 | |
| 科图分类: | ||
| 主题词: | 林木--育苗--国境检疫--植物检疫--中国--图集 , 林木 , 育苗 , 国境检疫 , 植物检疫 | |
| 电子资源: | ||
| ISBN: | 978-7-109-17576-1 | |
| 000 | 01128nam0 2200301 450 | |
| 001 | 0120141217829 | |
| 005 | 20140609084343.93 | |
| 010 | @a978-7-109-17576-1@dCNY280.00 | |
| 100 | @a20140121d2013 em y0chiy0110 ea | |
| 101 | 0 | @achi |
| 102 | @aCN@b110000 | |
| 105 | @aak z 001yy | |
| 106 | @ar | |
| 200 | 1 | @a进境林木种苗检疫图鉴@9jin jing lin mu zhong miao jian yi tu jian@dQuarantine illustrations of imported forestry seedling@f陈升毅主编@zeng |
| 210 | @a北京@c中国农业出版社@d2013.12 | |
| 215 | @a311页@d29cm | |
| 330 | @a本书内容包括:中国进境林木种苗情况介绍;中国进境林木种苗有害生物概况;进境种苗检疫操作程序等。 | |
| 333 | @a本书不仅适合于基层检验检疫人员作为工具书应用,同时也适用于检验检疫科研部门,农林业部门以及院校植物保护部门的参考和应用 | |
| 510 | 1 | @aQuarantine illustrations of imported forestry seedling@zeng |
| 606 | 0 | @a林木@x育苗@x国境检疫@x植物检疫@y中国@j图集 |
| 606 | 0 | @a林木 |
| 606 | 0 | @a育苗 |
| 606 | 0 | @a国境检疫 |
| 606 | 0 | @a植物检疫 |
| 690 | @aS412-64@v5 | |
| 701 | 0 | @a陈升毅@9chen sheng yi@4主编 |
| 801 | 0 | @aCN@b人天书店@c20140123 |
| 905 | @b548441-42@dS412-64@e88@f2 | |
| 进境林木种苗检疫图鉴=Quarantine illustrations of imported forestry seedling/陈升毅主编.-北京:中国农业出版社,2013.12 |
| 311页;29cm |
| 使用对象:本书不仅适合于基层检验检疫人员作为工具书应用,同时也适用于检验检疫科研部门,农林业部门以及院校植物保护部门的参考和应用 |
| ISBN 978-7-109-17576-1:CNY280.00 |
| 本书内容包括:中国进境林木种苗情况介绍;中国进境林木种苗有害生物概况;进境种苗检疫操作程序等。 |
| ● |
| 相关链接 |
|
|
|
|
正题名:进境林木种苗检疫图鉴
索取号:S412-64/88
 
预约/预借
| 序号 | 登录号 | 条形码 | 馆藏地/架位号 | 状态 | 备注 |
| 1 | 548441 | 205484411 | 第二样本阅览室/ [索取号:S412-64/88] | 在馆 | |
| 2 | 548442 | 205484420 | 第三借阅区/ [索取号:S412-64/88] | 在馆 |